| 000 | 02574nkm0a2200481 4500 | ||
|---|---|---|---|
| 001 | RU\NLR\BIBL_A\022622987 | ||
| 005 | 20260628200403.0 | ||
| 035 | _a(NLR Aleph) 022622987 | ||
| 090 |
_a13741636 _c13741636 |
||
| 100 | _a20250916d1986 u y0rusy50 ca | ||
| 101 | 0 | _arus | |
| 102 | _aRU | ||
| 116 | _aiiycxx zz ad | ||
| 135 | _acrcn 024anaba | ||
| 181 | 0 |
_ab4 _bxb2e |
|
| 182 | 0 | _an | |
| 200 | 1 |
_aЧернобыльская баллада _eБойцам пожарных подразделений Припяти и Чернобыля, первыми пришедшими на помощь _gЛев Ошанин |
|
| 203 |
_aИзображение _bнеподвижное _bдвухмерное _bвизуальное _cнепосредственное |
||
| 210 |
_a[М.] _cТип. из-ва АПН _d1986 |
||
| 215 |
_a1 л. _cофсет. печать _d58,7х43 |
||
| 300 | _aВ вып. данных: Зак. 2286; Подп. в печать 14.07.86 г. | ||
| 325 | _aКопия доступна в Электрон. б-ке РНБ | ||
| 327 | 0 | _aНа изобр. стихотвор. текст о подвиге пожарных Правика В. П., Кибенка В. Н. | |
| 600 | 1 |
_aПравик _bВ.П. _f1962 - 1986 _gВладимир Павлович _jПлакаты _91908924 _3RU\NLR\AUTH\66869828 |
|
| 606 | 1 |
_aПлакат русский советский _92168899 _3RU\NLR\AUTH\661304813 |
|
| 606 | 1 |
_aПожарные _jПлакаты _yСССР _91908922 _3RU\NLR\AUTH\66869827 |
|
| 606 | 1 |
_aГерои Советского Союза _jПлакаты _91023664 _3RU\NLR\AUTH\6673861 |
|
| 686 | _aЩ153(2Р=Рус)7-466 | ||
| 702 | 1 |
_4072 _aОшанин _bЛ. И. _f1912-1996 _gЛев Иванович _9107355 _3RU\NLR\AUTH\77124430 |
|
| 711 | 0 | 2 |
_aЧернобыльская атомная электрическая станция _cПрипять _9535432 _3RU\NLR\AUTH\8810018772 |
| 712 | 0 | 2 |
_4610 _a"Новости", агентство печати _bТипография _cМосква _92678903 _3RU\NLR\AUTH\880631716 |
| 852 | 0 | 0 |
_aNLR _bЭ _jПлИр1323/5-3 _mЭпл54239 |
| 856 | 0 | _uhttps://vivaldi.nlr.ru/la000070791/view | |
| 856 | 1 | _uhttps://vivaldi.nlr.ru/la000070791/cover | |
| 856 | 2 | _uhttps://vivaldi.nlr.ru/la000070791/text | |
| 942 | _cVISUAL | ||
| 980 | _aNB | ||
| 981 | 1 | 7 |
_a(17) Изографические материалы _b(17) Плакаты |